[Event "Tradewise Gibraltar Masters 14th"]
[Site "Gibraltar"]
[Date "2016.02.04"]
[Round "10.96"]
[White "Baert, Andy"]
[Black "De Rosa, Mariagrazia"]
[Result "1-0"]
[WhiteElo "2184"]
[BlackElo "2088"]
[PlyCount "81"]
[EventDate "2016.01.26"]
[EventType "swiss"]
[EventRounds "10"]
[EventCountry "GGB"]
[Source "www.saund.co.uk"]
[SourceDate "2005.02.07"]

1. d4 Nf6 2. Nc3 d5 3. Bf4 Bf5 4. e3 e6 5. f3 Be7 6. g4 Bg6 7. h4 h5 8. g5 Nfd7
9. Bd3 Bxd3 10. Qxd3 Nc6 11. Nge2 Nf8 12. O-O-O Ng6 13. Bg3 Bd6 14. e4 Bxg3 15.
Nxg3 Qd6 16. e5 Qd7 17. Nce2 O-O-O 18. f4 Nce7 19. Rdf1 Nf5 20. Rh3 Nge7 21.
Nxf5 Nxf5 22. Ng3 Nxg3 23. Rxg3 g6 24. Qa3 Kb8 25. Rb3 Rc8 26. Rff3 Rhe8 27.
Rfc3 c6 28. Rc5 b6 29. Ra5 Qb7 30. Ra6 b5 31. Qd6+ Qc7 32. Rxc6 Qxd6 33. Rxb5+
Ka8 34. Rxd6 Rc4 35. c3 Rec8 36. Rd7 R4c7 37. Rxc7 Rxc7 38. Kc2 Rc6 39. Rc5 Ra6
40. Rc7 Rxa2 41. Kb1 1-0

[Event "Tradewise Gibraltar Masters 14th"]
[Site "Gibraltar"]
[Date "2016.02.04"]
[Round "10.97"]
[White "Moradi, Kimia"]
[Black "Semprun Martinez, Fernando"]
[Result "0-1"]
[WhiteElo "2024"]
[BlackElo "2178"]
[PlyCount "70"]
[EventDate "2016.01.26"]
[EventType "swiss"]
[EventRounds "10"]
[EventCountry "GGB"]
[Source "www.saund.co.uk"]
[SourceDate "2005.02.07"]

1. e4 e5 2. Nf3 Nc6 3. Nc3 Nf6 4. Bb5 Bd6 5. d3 a6 6. Ba4 h6 7. Ne2 b5 8. Bb3
Bc5 9. c3 O-O 10. O-O d5 11. Ng3 Be6 12. Qe2 Re8 13. h3 Qd7 14. Kh2 Rad8 15.
Be3 d4 16. Bxe6 Rxe6 17. cxd4 Nxd4 18. Nxd4 Bxd4 19. Rad1 Bxe3 20. Qxe3 Rd6 21.
Qc5 Qe6 22. Qa3 h5 23. f4 h4 24. Nf5 R6d7 25. Nxh4 Nxe4 26. Rfe1 Nf2 27. Rxe5
Qf6 28. Rde1 Qxh4 29. Re8+ Rxe8 30. Rxe8+ Kh7 31. Qc5 Qxf4+ 32. Kg1 Nxh3+ 33.
Kh1 Nf2+ 34. Kg1 Ng4 35. Qh5+ Nh6 0-1

[Event "Tradewise Gibraltar Masters 14th"]
[Site "Gibraltar"]
[Date "2016.02.04"]
[Round "10.98"]
[White "Byron, Alan M"]
[Black "Hagesaether, Arne"]
[Result "1/2-1/2"]
[WhiteElo "2175"]
[BlackElo "2086"]
[PlyCount "63"]
[EventDate "2016.01.26"]
[EventType "swiss"]
[EventRounds "10"]
[EventCountry "GGB"]
[Source "www.saund.co.uk"]
[SourceDate "2005.02.07"]

1. e4 c6 2. Nc3 d5 3. Nf3 dxe4 4. Nxe4 Bg4 5. h3 Bxf3 6. Qxf3 e6 7. c3 Nd7 8.
d4 Ngf6 9. Nxf6+ Nxf6 10. Be2 Be7 11. O-O O-O 12. Rd1 Qd5 13. c4 Qxf3 14. Bxf3
Rfd8 15. Be3 Rd7 16. Kf1 a6 17. Ke2 Rad8 18. Rd2 Bb4 19. Rc2 Be7 20. a3 Ne8 21.
Rac1 h6 22. d5 c5 23. dxe6 fxe6 24. Rd2 Rxd2+ 25. Bxd2 Rxd2+ 26. Kxd2 Bg5+ 27.
Kc2 Bxc1 28. Kxc1 b6 29. b4 Nd6 30. bxc5 bxc5 31. Be2 Nf5 32. Kd2 1/2-1/2

[Event "Tradewise Gibraltar Masters 14th"]
[Site "Gibraltar"]
[Date "2016.02.04"]
[Round "10.99"]
[White "Ranaivoharisoa, Alain"]
[Black "Vilarnovo Caamano, Jose"]
[Result "1-0"]
[WhiteElo "2160"]
[BlackElo "2043"]
[PlyCount "109"]
[EventDate "2016.01.26"]
[EventType "swiss"]
[EventRounds "10"]
[EventCountry "GGB"]
[Source "www.saund.co.uk"]
[SourceDate "2005.02.07"]

1. e4 c5 2. Nf3 Nc6 3. d4 cxd4 4. Nxd4 Nf6 5. Nc3 e5 6. Ndb5 d6 7. Bg5 a6 8.
Bxf6 gxf6 9. Na3 b5 10. Nd5 Bg7 11. c3 Ne7 12. Nc2 O-O 13. Nxe7+ Qxe7 14. Ne3
Qb7 15. Qf3 f5 16. Nxf5 Bxf5 17. Qxf5 Rfe8 18. Bd3 Re6 19. O-O Rg6 20. Rad1 Re8
21. Bc2 Ree6 22. Qh5 Qe7 23. Rd3 Rh6 24. Qe2 Reg6 25. h3 Bf6 26. Rg3 Bg5 27.
Rd1 Bf4 28. Rxg6+ Rxg6 29. Bb3 Bh6 30. g3 Bf8 31. Rd3 Qg5 32. Rf3 Rf6 33. Kg2
Rxf3 34. Qxf3 Qg6 35. Bd5 Be7 36. b4 Bd8 37. Kf1 Kg7 38. Ke2 f6 39. Qg4 Qxg4+
40. hxg4 a5 41. Bc6 Kf7 42. Bxb5 Ke6 43. Bc6 Bb6 44. f3 Ke7 45. Kd3 Kd8 46. Kc4
Kc7 47. Kb5 Bf2 48. Bd5 Be1 49. Kxa5 Bxc3 50. Kb5 Be1 51. a4 Bxg3 52. a5 Bf2
53. Ka4 Kb8 54. b5 Ka7 55. b6+ 1-0

[Event "Tradewise Gibraltar Masters 14th"]
[Site "Gibraltar"]
[Date "2016.02.04"]
[Round "10.100"]
[White "Marcos Herrero, Francisco"]
[Black "Lobersli, Henrik Oie"]
[Result "0-1"]
[WhiteElo "1982"]
[BlackElo "2146"]
[PlyCount "48"]
[EventDate "2016.01.26"]
[EventType "swiss"]
[EventRounds "10"]
[EventCountry "GGB"]
[Source "www.saund.co.uk"]
[SourceDate "2005.02.07"]

1. d4 Nf6 2. c4 e6 3. g3 d5 4. Nf3 dxc4 5. Bg2 Bd7 6. Ne5 Bc6 7. Nxc6 Nxc6 8.
Bxc6+ bxc6 9. Qa4 Qd5 10. O-O Qb5 11. Nc3 Qxa4 12. Nxa4 Nd5 13. Bd2 Nb6 14. Nc3
O-O-O 15. Be3 Nd5 16. Rac1 c5 17. Nxd5 exd5 18. b3 cxd4 19. Bxd4 c5 20. Bb2
cxb3 21. axb3 Kb7 22. Rfd1 f6 23. Ba3 Kb6 24. b4 cxb4 0-1

[Event "Tradewise Gibraltar Masters 14th"]
[Site "Gibraltar"]
[Date "2016.02.04"]
[Round "10.101"]
[White "Spence, David J"]
[Black "Suez-Panama, Gilles"]
[Result "1-0"]
[WhiteElo "2140"]
[BlackElo "2032"]
[PlyCount "43"]
[EventDate "2016.01.26"]
[EventType "swiss"]
[EventRounds "10"]
[EventCountry "GGB"]
[Source "www.saund.co.uk"]
[SourceDate "2005.02.07"]

1. e4 e6 2. d4 d5 3. Nc3 Nf6 4. e5 Ng8 5. a3 c5 6. dxc5 Bxc5 7. b4 Be7 8. Nf3
a6 9. Bd3 Qc7 10. Ne2 Nd7 11. Bf4 Nf8 12. h4 Bd7 13. O-O Nh6 14. Bg3 Ba4 15.
Qd2 Rc8 16. Rfc1 b5 17. Nf4 Ng6 18. Nh5 Bf8 19. c3 Qd8 20. Re1 Ne7 21. Qxh6
gxh6 22. Nf6# 1-0

[Event "Tradewise Gibraltar Masters 14th"]
[Site "Gibraltar"]
[Date "2016.02.04"]
[Round "10.102"]
[White "Lafortune, Emerick"]
[Black "Kalthoff, Peter"]
[Result "1-0"]
[WhiteElo "1923"]
[BlackElo "2132"]
[PlyCount "67"]
[EventDate "2016.01.26"]
[EventType "swiss"]
[EventRounds "10"]
[EventCountry "GGB"]
[Source "www.saund.co.uk"]
[SourceDate "2005.02.07"]

1. e4 d5 2. exd5 Nf6 3. d4 Bg4 4. f3 Bf5 5. Bb5+ Nbd7 6. c4 e6 7. dxe6 fxe6 8.
Ne2 c6 9. Ba4 e5 10. O-O Qc7 11. f4 exd4 12. Nxd4 Bc5 13. Kh1 Bg4 14. Re1+ Kf7
15. Nf3 Rhe8 16. Nc3 Rxe1+ 17. Qxe1 Re8 18. Qg3 Bxf3 19. gxf3 Bd6 20. Bc2 Nc5
21. Qh4 Ne6 22. f5 Nd4 23. Qxd4 Bxh2 24. Bg5 Qg3 25. Bxf6 gxf6 26. Qg4 Re1+ 27.
Rxe1 Qxe1+ 28. Kxh2 Qf2+ 29. Qg2 Qh4+ 30. Kg1 Qe1+ 31. Qf1 Qg3+ 32. Kh1 Qh4+
33. Kg2 Qg5+ 34. Kf2 1-0

[Event "Tradewise Gibraltar Masters 14th"]
[Site "Gibraltar"]
[Date "2016.02.04"]
[Round "10.103"]
[White "Kristinsson, Magnus"]
[Black "Blodig, Reinhard"]
[Result "1/2-1/2"]
[WhiteElo "1776"]
[BlackElo "2158"]
[PlyCount "90"]
[EventDate "2016.01.26"]
[EventType "swiss"]
[EventRounds "10"]
[EventCountry "GGB"]
[Source "www.saund.co.uk"]
[SourceDate "2005.02.07"]

1. e4 d6 2. d4 Nf6 3. Nc3 g6 4. f4 Bg7 5. Nf3 c5 6. dxc5 Qa5 7. Bd3 Qxc5 8. Qe2
Bg4 9. Be3 Qa5 10. O-O Nc6 11. h3 Bxf3 12. Qxf3 Nd7 13. Qf2 O-O 14. f5 Bxc3 15.
bxc3 Nce5 16. Rab1 b6 17. Bh6 Rfc8 18. fxg6 hxg6 19. Bb5 Nf6 20. Qh4 Qxc3 21.
Rxf6 exf6 22. Qxf6 Nf3+ 23. Qxf3 Qxf3 24. gxf3 Rxc2 25. Ba6 Rxa2 26. Bb7 Rb8
27. Bd5 Rc2 28. Bf4 Rbc8 29. Bxd6 Rc1+ 30. Rxc1 Rxc1+ 31. Kf2 a5 32. h4 b5 33.
Ke2 Kg7 34. Kd3 f6 35. Kd2 Rc8 36. Kd3 b4 37. Be7 Rc3+ 38. Kd2 Rc8 39. Kd3 Rc1
40. Kd2 Rh1 41. e5 fxe5 42. Kc2 a4 43. Bxb4 Rxh4 44. Be4 Rh2+ 45. Kc3 Kf6
1/2-1/2

[Event "Tradewise Gibraltar Masters 14th"]
[Site "Gibraltar"]
[Date "2016.02.04"]
[Round "10.104"]
[White "Harding, Tim D"]
[Black "Ajele, Rotimi"]
[Result "1/2-1/2"]
[WhiteElo "2006"]
[BlackElo "2163"]
[PlyCount "116"]
[EventDate "2016.01.26"]
[EventType "swiss"]
[EventRounds "10"]
[EventCountry "GGB"]
[Source "www.saund.co.uk"]
[SourceDate "2005.02.07"]

1. e4 e5 2. Bc4 Nf6 3. Qe2 Nc6 4. c3 Bc5 5. d3 O-O 6. Nf3 d6 7. Bg5 Be6 8. Nbd2
Qe7 9. O-O h6 10. Bh4 g5 11. Bg3 Nh5 12. b4 Bb6 13. Bxe6 fxe6 14. Nc4 Qg7 15.
a4 a6 16. Nxb6 cxb6 17. Qe3 Qc7 18. Rfe1 Rf6 19. Nd2 Raf8 20. f3 Ne7 21. Nc4
Nc8 22. Rac1 R8f7 23. Bf2 Nf4 24. Bg3 h5 25. Rc2 g4 26. Rf1 Ne7 27. Bh4 Rg6 28.
Qxb6 Qxb6+ 29. Nxb6 gxf3 30. Rxf3 Nxg2 31. Rxg2 Rxf3 32. Bxe7 Rxg2+ 33. Kxg2
Rxd3 34. Nc4 d5 35. exd5 exd5 36. Nxe5 Rxc3 37. Bc5 a5 38. Nd7 axb4 39. Bxb4
Rc4 40. Be1 d4 41. Kf3 Rxa4 42. Ke4 Ra1 43. Bg3 d3 44. Ke3 Ra5 45. Ne5 h4 46.
Bf4 Kg7 47. Nxd3 Kf6 48. Bc7 Ra8 49. Bb6 Kf5 50. Bd4 Ra2 51. Be5 Ra4 52. Bc3
Re4+ 53. Kf3 Ra4 54. Ke3 b6 55. Be1 Rc4 56. Kf3 Rc2 57. Bxh4 Rxh2 58. Bg3 Rc2
1/2-1/2

[Event "Tradewise Gibraltar Masters 14th"]
[Site "Gibraltar"]
[Date "2016.02.04"]
[Round "10.105"]
[White "Henrichsen, Jens"]
[Black "Campbell, Charles"]
[Result "0-1"]
[WhiteElo "2012"]
[BlackElo "2157"]
[PlyCount "114"]
[EventDate "2016.01.26"]
[EventType "swiss"]
[EventRounds "10"]
[EventCountry "GGB"]
[Source "www.saund.co.uk"]
[SourceDate "2005.02.07"]

1. d4 Nf6 2. c4 e6 3. Nf3 Bb4+ 4. Nbd2 b6 5. g3 Bb7 6. Bg2 Bxd2+ 7. Bxd2 O-O 8.
O-O d6 9. Qc2 Be4 10. Qc1 Nbd7 11. Ne1 Bxg2 12. Nxg2 c5 13. dxc5 Nxc5 14. f3
Rc8 15. Bg5 h6 16. Bxf6 Qxf6 17. Qd2 Rfd8 18. e4 Rd7 19. Rad1 Rcd8 20. Ne3 Kf8
21. Kg2 h5 22. Qd4 Qg6 23. h4 a5 24. b3 Kg8 25. Kh2 Kf8 26. Qd2 Qf6 27. Qd4 Ke7
28. Qxf6+ gxf6 29. Rd2 Rg8 30. Rfd1 Rc8 31. Ng2 a4 32. Rb1 axb3 33. axb3 Ra7
34. Nf4 Rh8 35. b4 Nb7 36. Rbb2 Ra4 37. Nd3 Rc8 38. Rdc2 Ra3 39. Nf4 Rxf3 40.
Nxh5 Re3 41. Rf2 Rxe4 42. Nxf6 Rexc4 43. Nh7 f5 44. Ng5 Kf6 45. Rbe2 e5 46.
Ne4+ Rxe4 47. Rxe4 d5 48. Ree2 Nd6 49. Rc2 Nc4 50. Rf1 Rg8 51. Ra1 e4 52. Ra6
Ke5 53. Kh3 Kd4 54. Rf2 Ke5 55. Rc2 e3 56. Raa2 b5 57. h5 d4 0-1

[Event "Tradewise Gibraltar Masters 14th"]
[Site "Gibraltar"]
[Date "2016.02.04"]
[Round "10.106"]
[White "Burke, Mitchell R"]
[Black "Dougherty, Michael"]
[Result "0-1"]
[WhiteElo "2002"]
[BlackElo "2149"]
[PlyCount "80"]
[EventDate "2016.01.26"]
[EventType "swiss"]
[EventRounds "10"]
[EventCountry "GGB"]
[Source "www.saund.co.uk"]
[SourceDate "2005.02.07"]

1. e4 c6 2. d4 d5 3. exd5 cxd5 4. c4 Nf6 5. Nc3 Nc6 6. Nf3 e6 7. c5 Ne4 8. Qc2
f5 9. Bb5 Bd7 10. Bxc6 Bxc6 11. Ne5 Be7 12. O-O O-O 13. b4 Be8 14. a4 Bf6 15.
Ne2 Rc8 16. Nf4 Bxe5 17. dxe5 Bd7 18. f3 Ng5 19. Be3 a6 20. Rfe1 Nf7 21. Qb2
Qe8 22. a5 Nd8 23. Ne2 Nc6 24. Bf4 Qe7 25. Nd4 g5 26. Nxc6 Bxc6 27. Bd2 f4 28.
Qd4 Bb5 29. Qf2 Rf5 30. Bc3 h5 31. Bd4 Kh7 32. Ra3 g4 33. h3 gxh3 34. gxh3 Rg8+
35. Kh1 Rg3 36. Qh2 Qg7 37. Rg1 h4 38. Bf2 Qxe5 39. Bxg3 hxg3 40. Qc2 Qd4 0-1

[Event "Tradewise Gibraltar Masters 14th"]
[Site "Gibraltar"]
[Date "2016.02.04"]
[Round "10.107"]
[White "Darnell, Anton"]
[Black "Nordquelle, Daniel"]
[Result "1-0"]
[WhiteElo "1979"]
[BlackElo "2102"]
[PlyCount "71"]
[EventDate "2016.01.26"]
[EventType "swiss"]
[EventRounds "10"]
[EventCountry "GGB"]
[Source "www.saund.co.uk"]
[SourceDate "2005.02.07"]

1. d4 Nf6 2. Nf3 c5 3. d5 e6 4. c4 exd5 5. cxd5 d6 6. Nc3 a6 7. a4 g6 8. Bf4
Qe7 9. h3 Nbd7 10. e3 Bg7 11. Nd2 Ne5 12. Be2 O-O 13. O-O Rb8 14. a5 Nfd7 15.
Re1 b5 16. axb6 Rxb6 17. Bg3 f5 18. Qc2 Kh8 19. Bf1 h5 20. f4 Nf7 21. e4 Qf6
22. Nc4 Rxb2 23. Qxb2 Qxc3 24. Qxc3 Bxc3 25. e5 dxe5 26. fxe5 Ng5 27. e6 Bxa1
28. Rxa1 Nf6 29. e7 Rg8 30. Be5 Nge4 31. Nb6 Kh7 32. Bc4 Bb7 33. d6 Bc6 34.
Bxg8+ Kxg8 35. Bxf6 Nxf6 36. d7 1-0

[Event "Tradewise Gibraltar Masters 14th"]
[Site "Gibraltar"]
[Date "2016.02.04"]
[Round "10.108"]
[White "Compton, Alistair"]
[Black "Skutta, Bernd"]
[Result "1-0"]
[WhiteElo "2094"]
[BlackElo "1966"]
[PlyCount "55"]
[EventDate "2016.01.26"]
[EventType "swiss"]
[EventRounds "10"]
[EventCountry "GGB"]
[Source "www.saund.co.uk"]
[SourceDate "2005.02.07"]

1. e4 d6 2. d4 Nf6 3. Nc3 e5 4. Nf3 Nbd7 5. g4 h6 6. Rg1 d5 7. exd5 exd4 8.
Nxd4 Ne5 9. Bb5+ Bd7 10. Qe2 Qe7 11. Bf4 Ng6 12. Bxc7 a6 13. Bxd7+ Kxd7 14.
Qxe7+ Nxe7 15. Be5 Nfxd5 16. Nxd5 Nxd5 17. O-O-O f6 18. Bg3 h5 19. Nf5 Kc6 20.
Rge1 Nc7 21. Ne7+ Kb6 22. Rd7 Ne8 23. Re6+ Ka7 24. Nc6+ Kb6 25. Nd8+ Nd6 26.
Bxd6 Bxd6 27. Rexd6+ Ka7 28. Rxb7# 1-0

[Event "Tradewise Gibraltar Masters 14th"]
[Site "Gibraltar"]
[Date "2016.02.04"]
[Round "10.109"]
[White "Mrabti, Yahya"]
[Black "Kozarcanin, Sead"]
[Result "1/2-1/2"]
[WhiteElo "1780"]
[BlackElo "2073"]
[PlyCount "132"]
[EventDate "2016.01.26"]
[EventType "swiss"]
[EventRounds "10"]
[EventCountry "GGB"]
[Source "www.saund.co.uk"]
[SourceDate "2005.02.07"]

1. e4 e5 2. Nf3 Nc6 3. d4 exd4 4. Nxd4 Nf6 5. Nxc6 bxc6 6. e5 Qe7 7. Qe2 Nd5 8.
c4 Nb6 9. Nc3 Qe6 10. Qe4 a5 11. f4 g6 12. Bd3 Ba6 13. b3 Bb4 14. Bb2 a4 15.
O-O-O a3 16. Ba1 Bb7 17. Qf3 O-O-O 18. Ne4 Be7 19. g4 Rhe8 20. Rhg1 d5 21. exd6
cxd6 22. Kc2 d5 23. f5 Qd7 24. Nf6 Bxf6 25. Bxf6 c5 26. Qf2 Qc7 27. Bxd8 Rxd8
28. Qg3 Qc6 29. fxg6 fxg6 30. Be2 Qf6 31. Qc3 d4 32. g5 Qf2 33. Qd2 Nd7 34. Bg4
d3+ 35. Kb1 Qd4 36. h3 Be4 37. Rgf1 Kc7 38. Rf7 Kd6 39. Qf4+ Kc6 40. Bxd7+ Rxd7
41. Qf6+ Rd6 42. Qxd4 Rxd4 43. Kc1 Bf5 44. Rxh7 Rf4 45. Rf7 Rf2 46. Rxf5 Rxf5
47. Rxd3 Rxg5 48. Kc2 Rg2+ 49. Rd2 Rg1 50. Rf2 Kd6 51. Kd3 Ke5 52. Re2+ Kf5 53.
Rf2+ Ke5 54. Re2+ Kf5 55. b4 cxb4 56. c5 Rg3+ 57. Kc4 Rxh3 58. Kxb4 g5 59. c6
Rh8 60. Kc5 g4 61. Re3 Kf4 62. Rxa3 g3 63. Rxg3 Kxg3 64. c7 Kf4 65. Kb6 Ke5 66.
Kb7 Kd6 1/2-1/2

[Event "Tradewise Gibraltar Masters 14th"]
[Site "Gibraltar"]
[Date "2016.02.04"]
[Round "10.110"]
[White "Zachariassen, John"]
[Black "Lindqvist, Roland"]
[Result "1-0"]
[WhiteElo "1958"]
[BlackElo "2018"]
[PlyCount "47"]
[EventDate "2016.01.26"]
[EventType "swiss"]
[EventRounds "10"]
[EventCountry "GGB"]
[Source "www.saund.co.uk"]
[SourceDate "2005.02.07"]

1. c4 d6 2. Nf3 e5 3. Nc3 Nc6 4. g3 g6 5. Bg2 Bg7 6. d3 Nge7 7. Bd2 O-O 8. Rb1
h6 9. b4 a6 10. a4 Be6 11. O-O Qd7 12. Re1 d5 13. cxd5 Nxd5 14. Nxd5 Bxd5 15.
Qc1 g5 16. b5 Nd8 17. Bc3 f6 18. Qc2 axb5 19. axb5 c5 20. bxc6 Bxc6 21. Ra1 Ne6
22. Qb3 Qd5 23. Qxd5 Bxd5 24. Nxg5 1-0

[Event "Tradewise Gibraltar Masters 14th"]
[Site "Gibraltar"]
[Date "2016.02.04"]
[Round "10.111"]
[White "Bajer, Renato"]
[Black "Hamer, Martyn"]
[Result "1/2-1/2"]
[WhiteElo "1890"]
[BlackElo "2058"]
[PlyCount "78"]
[EventDate "2016.01.26"]
[EventType "swiss"]
[EventRounds "10"]
[EventCountry "GGB"]
[Source "www.saund.co.uk"]
[SourceDate "2005.02.07"]

1. e4 c5 2. Nf3 Nc6 3. d4 cxd4 4. Nxd4 e5 5. Nb5 d6 6. N1c3 a6 7. Na3 b5 8. Nd5
Nge7 9. c4 Nd4 10. Nc2 Nxc2+ 11. Qxc2 Nxd5 12. cxd5 Bd7 13. Bd3 Be7 14. O-O O-O
15. f4 Rc8 16. Qe2 exf4 17. Bxf4 Bf6 18. Be3 Be5 19. Rac1 Qh4 20. g3 Qh3 21.
Rxc8 Rxc8 22. Qf2 f6 23. Rc1 Rxc1+ 24. Bxc1 h5 25. Bf4 h4 26. Bf1 Qg4 27. Be2
Qg6 28. Bd3 Bh3 29. b3 b4 30. Bxe5 fxe5 31. Qe3 a5 32. Bf1 Bxf1 33. Kxf1 hxg3
34. hxg3 Qg4 35. Kf2 Qc8 36. Qb6 Qc2+ 37. Kf3 Qd1+ 38. Kg2 Qe2+ 39. Kh3 Qh5+
1/2-1/2

[Event "Tradewise Gibraltar Masters 14th"]
[Site "Gibraltar"]
[Date "2016.02.04"]
[Round "10.112"]
[White "Sajjadi, Kimiya"]
[Black "Berrocal Ruiz, Valentin"]
[Result "0-1"]
[WhiteElo "1839"]
[BlackElo "2040"]
[PlyCount "66"]
[EventDate "2016.01.26"]
[EventType "swiss"]
[EventRounds "10"]
[EventCountry "GGB"]
[Source "www.saund.co.uk"]
[SourceDate "2005.02.07"]

1. d4 Nf6 2. c4 g6 3. Nc3 Bg7 4. e4 O-O 5. Be2 d6 6. f4 Na6 7. Nf3 e5 8. dxe5
dxe5 9. Qxd8 Rxd8 10. Nxe5 Re8 11. Kf2 Nc5 12. Bf3 c6 13. Be3 Rxe5 14. fxe5
Nd3+ 15. Ke2 Nxe5 16. Rad1 Be6 17. b3 Nfd7 18. Rc1 b6 19. Na4 Re8 20. h3 f5 21.
Nc3 Nf6 22. exf5 Bxf5 23. g4 Bd3+ 24. Kf2 Rf8 25. Bf4 Nfd7 26. Rhd1 Rxf4 27.
Kg2 Rxf3 28. Re1 Bh6 29. Rcd1 Re3 30. Rxe3 Bxe3 31. Kg3 g5 32. h4 h6 33. h5 Nf6
0-1

[Event "Tradewise Gibraltar Masters 14th"]
[Site "Gibraltar"]
[Date "2016.02.04"]
[Round "10.113"]
[White "Korning, Peter"]
[Black "Magnusdottir, Veronika Steinun"]
[Result "1-0"]
[WhiteElo "2015"]
[BlackElo "1762"]
[PlyCount "87"]
[EventDate "2016.01.26"]
[EventType "swiss"]
[EventRounds "10"]
[EventCountry "GGB"]
[Source "www.saund.co.uk"]
[SourceDate "2005.02.07"]

1. e4 c5 2. d4 cxd4 3. c3 Nf6 4. e5 Nd5 5. Qxd4 e6 6. Bc4 Nc6 7. Qe4 Nde7 8.
Nf3 Ng6 9. O-O Qc7 10. Re1 Ncxe5 11. Nxe5 Nxe5 12. Qxe5 Qxc4 13. Na3 Qc6 14.
Nc2 f6 15. Qg3 Kf7 16. Nd4 Qb6 17. a4 d5 18. Bf4 Bd7 19. Bc7 Qc5 20. b4 Qc4 21.
Re3 Bxb4 22. Nxe6 Bxe6 23. cxb4 d4 24. Ree1 Rac8 25. Rac1 Qxb4 26. Rb1 Qd2 27.
Qd6 Rhe8 28. h3 Qc2 29. Rxb7 Qc4 30. Bd8+ Kg8 31. Qg3 g6 32. Bxf6 Bf7 33. Rxe8+
Rxe8 34. Qg5 Re1+ 35. Kh2 Qc6 36. Rxa7 Qd6+ 37. f4 Re4 38. Be5 Qc6 39. Qh6 Rxe5
40. fxe5 d3 41. Qg5 Qd5 42. Qf6 d2 43. e6 Qd6+ 44. g3 1-0

[Event "Tradewise Gibraltar Masters 14th"]
[Site "Gibraltar"]
[Date "2016.02.04"]
[Round "10.114"]
[White "Schimmer, Michael"]
[Black "Odeh, Kenneth"]
[Result "0-1"]
[WhiteElo "1782"]
[BlackElo "2014"]
[PlyCount "84"]
[EventDate "2016.01.26"]
[EventType "swiss"]
[EventRounds "10"]
[EventCountry "GGB"]
[Source "www.saund.co.uk"]
[SourceDate "2005.02.07"]

1. e4 c5 2. Nf3 g6 3. d4 Bg7 4. c4 cxd4 5. Nxd4 Nc6 6. Be3 Nf6 7. Nc3 d6 8. Be2
O-O 9. O-O Nxd4 10. Bxd4 Be6 11. Rb1 Nd7 12. Be3 Nb6 13. Nd5 Nxd5 14. cxd5 Bd7
15. Qd2 f5 16. f3 Be5 17. Rbc1 e6 18. f4 Bg7 19. dxe6 Bxe6 20. exf5 gxf5 21. b3
d5 22. Rfd1 Qd7 23. Bf3 Rfd8 24. Bd4 Bxd4+ 25. Qxd4 Rac8 26. a4 b6 27. Be2 Rxc1
28. Rxc1 Rc8 29. Re1 Qg7 30. Qb4 Qc3 31. Qxc3 Rxc3 32. Bb5 Kf7 33. Rd1 Ke7 34.
Rd3 Rxd3 35. Bxd3 h5 36. Kf2 Kd6 37. Ke3 Kc5 38. Be2 d4+ 39. Kd3 Bxb3 40. Bxh5
Bxa4 41. Bf7 Bb5+ 42. Kd2 Kd6 0-1

[Event "Tradewise Gibraltar Masters 14th"]
[Site "Gibraltar"]
[Date "2016.02.04"]
[Round "10.115"]
[White "Tarr, Steve F"]
[Black "George, Lolomari Erekosima"]
[Result "0-1"]
[WhiteElo "1779"]
[BlackElo "1937"]
[PlyCount "118"]
[EventDate "2016.01.26"]
[EventType "swiss"]
[EventRounds "10"]
[EventCountry "GGB"]
[Source "www.saund.co.uk"]
[SourceDate "2005.02.07"]

1. d4 Nf6 2. Bf4 g6 3. e3 Bg7 4. Nf3 d6 5. Be2 O-O 6. O-O Nbd7 7. h3 c5 8. c3
b6 9. Nbd2 Bb7 10. Ne1 e5 11. Bh2 Re8 12. Nc4 Re6 13. dxe5 Nxe5 14. Nxe5 dxe5
15. Nf3 Nd5 16. Bc4 e4 17. Nd2 Be5 18. Qc2 Bxh2+ 19. Kxh2 Qh4 20. Rad1 Rd8 21.
Nb1 Kg7 22. Rd2 Qe7 23. Rfd1 Red6 24. Kg1 Qe5 25. Qb3 f5 26. Bxd5 Bxd5 27. Qa4
R8d7 28. c4 Bc6 29. Qc2 g5 30. Rxd6 Rxd6 31. Rxd6 Qxd6 32. Qc3+ Kg8 33. Nd2 f4
34. b3 Qe6 35. Kh2 f3 36. gxf3 exf3 37. e4 Bd7 38. Kg1 Qxh3 39. Qxf3 Qxf3 40.
Nxf3 h6 41. Ne5 Be8 42. a3 Kf8 43. f3 Ke7 44. Kf2 Kd6 45. Ng4 h5 46. Nf6 Bg6
47. Ke3 Ke6 48. Nd5 h4 49. Nc7+ Ke5 50. Nb5 h3 51. Kf2 a6 52. Nc7 Kd4 53. Nxa6
Kc3 54. a4 Kxb3 55. Nxc5+ bxc5 56. a5 Kxc4 57. a6 Be8 58. Kg3 Kd4 59. Kxh3 c4
0-1

[Event "Tradewise Gibraltar Masters 14th"]
[Site "Gibraltar"]
[Date "2016.02.04"]
[Round "10.117"]
[White "Lochte, Szilvia"]
[Black "Joachim, Rodny"]
[Result "0-1"]
[WhiteElo "1913"]
[BlackElo "1659"]
[PlyCount "48"]
[EventDate "2016.01.26"]
[EventType "swiss"]
[EventRounds "10"]
[EventCountry "GGB"]
[Source "www.saund.co.uk"]
[SourceDate "2005.02.07"]

1. d4 d5 2. Nf3 Nf6 3. Bf4 Bf5 4. e3 e6 5. Bd3 Bxd3 6. Qxd3 Bd6 7. Ne5 O-O 8.
Bg5 h6 9. Bh4 Nc6 10. f4 g5 11. Bg3 Ne4 12. Nxc6 bxc6 13. Nd2 gxf4 14. exf4 f5
15. Nf3 Rb8 16. Rb1 Nc3 17. Bh4 Qe8 18. Ra1 Rxb2 19. O-O Ne4 20. Ne5 Bxe5 21.
fxe5 f4 22. Rf3 Qg6 23. Bf6 Kh7 24. Qa3 Rxc2 0-1

[Event "Tradewise Gibraltar Masters 14th"]
[Site "Gibraltar"]
[Date "2016.02.04"]
[Round "10.118"]
[White "Biegel, Thomas"]
[Black "Boron, Anthony"]
[Result "1-0"]
[WhiteElo "2069"]
[BlackElo "1915"]
[PlyCount "77"]
[EventDate "2016.01.26"]
[EventType "swiss"]
[EventRounds "10"]
[EventCountry "GGB"]
[Source "www.saund.co.uk"]
[SourceDate "2005.02.07"]

1. c4 e5 2. Nc3 Bb4 3. Nf3 Bxc3 4. bxc3 d6 5. d3 Ne7 6. c5 Nbc6 7. cxd6 cxd6 8.
g3 O-O 9. Bg2 Qa5 10. Bd2 Rb8 11. O-O Bg4 12. Ne1 Qc7 13. Nc2 Rfc8 14. Ne3 Bh5
15. Rb1 Rd8 16. c4 Nd4 17. g4 Bg6 18. Bc3 Ne6 19. Rb3 Nf4 20. Bf3 h5 21. Ra3
hxg4 22. Nxg4 Nh3+ 23. Kh1 b6 24. Qa4 a5 25. Bd2 f5 26. Ne3 Be8 27. Qb3 Qc5 28.
Nd5 Nc6 29. Kg2 Nd4 30. Qb2 Nxf3 31. exf3 f4 32. Kxh3 Qc8+ 33. Kg2 Qe6 34. Rg1
Bd7 35. Kf1 Qh3+ 36. Ke2 Qxh2 37. Qa1 Qh6 38. Rg6 Qh4 39. Qg1 1-0

[Event "Tradewise Gibraltar Masters 14th"]
[Site "Gibraltar"]
[Date "2016.02.04"]
[Round "10.119"]
[White "Winter, Kevin"]
[Black "Gravett, Alan D"]
[Result "1/2-1/2"]
[WhiteElo "1825"]
[BlackElo "1884"]
[PlyCount "66"]
[EventDate "2016.01.26"]
[EventType "swiss"]
[EventRounds "10"]
[EventCountry "GGB"]
[Source "www.saund.co.uk"]
[SourceDate "2005.02.07"]

1. e4 c5 2. d4 cxd4 3. c3 d3 4. Bxd3 Nc6 5. c4 d6 6. h3 Nf6 7. Nf3 e5 8. O-O
Be7 9. Nc3 a6 10. Be3 O-O 11. Rc1 Be6 12. Qe2 Rc8 13. b3 Nh5 14. Rfd1 Nd4 15.
Nxd4 exd4 16. Bxd4 Nf4 17. Qf3 Bf6 18. Be3 Bxc3 19. Rxc3 Qf6 20. Bxf4 Qxc3 21.
e5 g6 22. Bh6 Rfd8 23. Bg5 Qxe5 24. Bxd8 Rxd8 25. Be4 b5 26. cxb5 axb5 27. Bd5
Bxd5 28. Qxd5 Qb2 29. Qxb5 Qxa2 30. Qb6 Rd7 31. b4 Qc2 32. Qd4 Rb7 33. Qxd6
Rxb4 1/2-1/2